Urbanismus a životní prostředí

Guardado en:
Detalles Bibliográficos
Autor principal: Kubíček, Zdeněk (Autor)
Formato: Libro
Lenguaje:checo
Publicado: Brno : Vysoké učení technické v Brně, 1986
Etiquetas: Agregar Etiqueta
Sin Etiquetas, Sea el primero en etiquetar este registro!

MARC

LEADER 00000nam a22000003a 4500
001 stu88366
005 20150617225631.0
008 040624s1986----cs------------------cze-d
040 |a STU  |b slo 
041 0 |a cze 
044 |a cs 
080 |a 504 
080 |a 711.4(075.8) 
100 1 |a Kubíček, Zdeněk  |4 aut 
245 1 |a Urbanismus a životní prostředí 
260 |a Brno :  |b Vysoké učení technické v Brně,  |c 1986 
300 |a 212 s.;obr 
996 |b 284V029294  |c V*25677/S-87  |l VVT  |s A  |a 24  |w stu88366_0001